No time for love (Record no. 173327)
[ view plain ]
| 000 -LEADER | |
|---|---|
| fixed length control field | 00757cam a2200277 4500 |
| 001 - CONTROL NUMBER | |
| control field | 2662355 |
| 003 - CONTROL NUMBER IDENTIFIER | |
| control field | Nust |
| 005 - DATE AND TIME OF LATEST TRANSACTION | |
| control field | 20180723055215.0 |
| 008 - FIXED-LENGTH DATA ELEMENTS--GENERAL INFORMATION | |
| fixed length control field | 700609s1970 mau 000 1 eng |
| 010 ## - LIBRARY OF CONGRESS CONTROL NUMBER | |
| LC control number | 72099907 |
| 020 ## - INTERNATIONAL STANDARD BOOK NUMBER | |
| International Standard Book Number | 8129111675 |
| Terms of availability | Rs. 122 |
| 020 ## - INTERNATIONAL STANDARD BOOK NUMBER | |
| International Standard Book Number | 9788129111678 |
| 038 ## - RECORD CONTENT LICENSOR | |
| Staff Name | Arshad |
| 040 ## - CATALOGING SOURCE | |
| Original cataloging agency | DLC |
| Transcribing agency | DLC |
| Modifying agency | DLC |
| 050 00 - LIBRARY OF CONGRESS CALL NUMBER | |
| Classification number | PZ3.L8938 |
| Item number | No |
| Classification number | PS3523.O645 |
| 082 00 - DEWEY DECIMAL CLASSIFICATION NUMBER | |
| Classification number | 813.52 |
| Author Mark | CAR |
| 100 1# - MAIN ENTRY--PERSONAL NAME | |
| Personal name | Cartland, Barbara |
| 9 (RLIN) | 11921 |
| 245 10 - TITLE STATEMENT | |
| Title | No time for love |
| Statement of responsibility, etc. | by Barbara Cartland |
| 260 ## - PUBLICATION, DISTRIBUTION, ETC. | |
| Place of publication, distribution, etc. | Boston, |
| Name of publisher, distributor, etc. | Little, Brown |
| Date of publication, distribution, etc. | 1975 |
| 300 ## - PHYSICAL DESCRIPTION | |
| Extent | 171 p. |
| Dimensions | 20 cm. |
| 350 ## - PRICE (NR) (BK AM CF MU VM SE) [OBSOLETE] | |
| Price | 4.95 |
| 655 #7 - INDEX TERM--GENRE/FORM | |
| Genre/form data or focus term | Didactic fiction. |
| Source of term | gsafd |
| 9 (RLIN) | 1062 |
| 655 #7 - INDEX TERM--GENRE/FORM | |
| Genre/form data or focus term | Love stories. |
| Source of term | gsafd |
| 9 (RLIN) | 418 |
| 906 ## - LOCAL DATA ELEMENT F, LDF (RLIN) | |
| a | 7 |
| b | cbc |
| c | orignew |
| d | u |
| e | ncip |
| f | 19 |
| g | y-gencatlg |
| 942 ## - ADDED ENTRY ELEMENTS (KOHA) | |
| Source of classification or shelving scheme | |
| Koha item type | Book |
| Withdrawn status | Lost status | Source of classification or shelving scheme | Damaged status | Not for loan | Permanent Location | Current Location | Shelving location | Date acquired | Total Checkouts | Total Renewals | Full call number | Barcode | Date last seen | Date last checked out | Copy number | Price effective from | Koha item type |
|---|---|---|---|---|---|---|---|---|---|---|---|---|---|---|---|---|---|
| Central Library (CL) | Central Library (CL) | Fiction | 01/21/2017 | 3 | 1 | 823 CAR | CL404 | 04/16/2026 | 02/09/2026 | 1 | 01/21/2017 | Book |
